[Event "World Junior Chess Championship U18 b"]
[Site "Gaziantep"]
[Date "2008.08.04"]
[Round "3.44"]
[White "Kjartansson, Gudmundur"]
[Black "Zubaidullin, Rustam"]
[Result "1-0"]
[WhiteElo "2328"]
[BlackElo "1929"]
[PlyCount "65"]
[EventDate "2008.08.??"]
[EventType "swiss"]
[EventRounds "13"]
[EventCountry "TUR"]

1. d4 Nf6 2. c4 e6 3. Nc3 Bb4 4. Qc2 d5 5. a3 Bxc3+ 6. Qxc3 Ne4 7. Qc2 c5 8.
dxc5 Nc6 9. cxd5 exd5 10. Nf3 Bf5 11. b4 Ng3 12. Qb2 Nxh1 13. Qxg7 Rf8 14. Bh6
Qe7 15. Qxf8+ Qxf8 16. Bxf8 Kxf8 17. e3 Be4 18. Be2 Ke7 19. Kf1 Kf6 20. Kg1
Nxf2 21. Kxf2 Ne5 22. Nxe5 Kxe5 23. Bf3 f5 24. Bxe4 Kxe4 25. Rd1 Rc8 26. Rd4+
Ke5 27. Rh4 Rc7 28. Rh6 Re7 29. Kf3 Rg7 30. h3 Rf7 31. Rh5 Kf6 32. Kf4 Kg6 33.
Rg5+ 1-0

[Event "World Junior Chess Championship U18 b"]
[Site "Gaziantep"]
[Date "2008.08.04"]
[Round "3.45"]
[White "Vural, Ozge"]
[Black "Haridas, Pascua"]
[Result "0-1"]
[WhiteElo "1853"]
[BlackElo "2174"]
[PlyCount "54"]
[EventDate "2008.08.??"]
[EventType "swiss"]
[EventRounds "13"]
[EventCountry "TUR"]

1. e4 c5 2. Nf3 Nc6 3. d4 cxd4 4. Nxd4 Nf6 5. Nc3 e5 6. Ndb5 d6 7. Bg5 a6 8.
Na3 b5 9. Bxf6 gxf6 10. Nd5 f5 11. Bd3 Be6 12. Qh5 Rg8 13. g3 Nd4 14. Qd1 f4
15. Be2 Bh3 16. c3 Nc6 17. Qd3 Rc8 18. O-O-O b4 19. Nc4 bxc3 20. bxc3 Be6 21.
gxf4 exf4 22. e5 dxe5 23. Qe4 Nd4 24. Rxd4 exd4 25. Nxf4 Bh6 26. Re1 Qc7 27.
Kc2 Qxf4 0-1

[Event "World Junior Chess Championship U18 b"]
[Site "Gaziantep"]
[Date "2008.08.04"]
[Round "3.46"]
[White "Hughes, Tyler B"]
[Black "Ramsurrup, Pratish"]
[Result "1-0"]
[WhiteElo "2161"]
[BlackElo "1809"]
[PlyCount "56"]
[EventDate "2008.08.??"]
[EventType "swiss"]
[EventRounds "13"]
[EventCountry "TUR"]

1. d4 Nf6 2. c4 e6 3. Nc3 Bb4 4. f3 c5 5. d5 Bxc3+ 6. bxc3 d6 7. e4 e5 8. Bd3
Nh5 9. Ne2 Qf6 10. O-O Nf4 11. g3 Nxd3 12. Qxd3 Bh3 13. Rf2 g5 14. g4 h5 15.
Ng3 hxg4 16. fxg4 Qg6 17. Nh5 Rxh5 18. gxh5 Qxh5 19. Qf3 Qh7 20. Bxg5 Nd7 21.
Qg3 f6 22. Bh4 Ke7 23. Qxh3 Rh8 24. Qe6+ Kd8 25. Bxf6+ Nxf6 26. Qxf6+ Kc8 27.
Qe6+ Kb8 28. Qxd6+ Kc8 1-0

[Event "World Junior Chess Championship U18 b"]
[Site "Gaziantep"]
[Date "2008.08.04"]
[Round "3.48"]
[White "Sousa, Ricardo"]
[Black "Ozdover, Mustafa Berkay"]
[Result "1/2-1/2"]
[WhiteElo "2133"]
[BlackElo "1768"]
[PlyCount "117"]
[EventDate "2008.08.??"]
[EventType "swiss"]
[EventRounds "13"]
[EventCountry "TUR"]

1. Nf3 f5 2. g3 d6 3. Bg2 e5 4. d3 Nf6 5. O-O Nc6 6. Nbd2 h6 7. Nh4 Ne7 8. c4
g5 9. Nhf3 Bg7 10. Rb1 a5 11. b3 Ng6 12. Bb2 g4 13. Ne1 h5 14. f3 h4 15. Rf2
hxg3 16. hxg3 f4 17. Nf1 Nh5 18. e3 fxg3 19. Rd2 Qg5 20. Qe2 O-O 21. d4 Nh4 22.
dxe5 dxe5 23. Rbd1 gxf3 24. Nxf3 Nxf3+ 25. Bxf3 Nf6 26. Qg2 Nh5 27. Bxb7 Bxb7
28. Qxb7 Rac8 29. Qg2 Rf7 30. Rd7 Rcf8 31. Rxf7 Rxf7 32. Rd2 Bf8 33. Qe4 Qf6
34. Qg4+ Ng7 35. Nxg3 Bc5 36. Re2 Bxe3+ 37. Kg2 Bf4 38. Nh5 Qc6+ 39. Kg1 Qb6+
40. Kg2 Qh6 41. Nxf4 Rxf4 42. Qc8+ Kh7 43. Qh3 Rh4 44. Qg3 Rh5 45. Qd3+ Rf5 46.
Kg1 e4 47. Qd4 Rg5+ 48. Rg2 Rxg2+ 49. Kxg2 Qg5+ 50. Kf2 Qf4+ 51. Ke1 Nf5 52.
Qf2 Qg4 53. Bc1 Kg6 54. Qf4 Qg1+ 55. Qf1 Qg3+ 56. Qf2 Qc3+ 57. Qd2 Qg3+ 58. Qf2
Qc3+ 59. Qd2 1/2-1/2

[Event "World Junior Chess Championship U18 b"]
[Site "Gaziantep"]
[Date "2008.08.05"]
[Round "4.1"]
[White "Safarli, Eltaj"]
[Black "Amin, Bassem"]
[Result "1-0"]
[WhiteElo "2527"]
[BlackElo "2561"]
[PlyCount "121"]
[EventDate "2008.08.??"]
[EventType "swiss"]
[EventRounds "13"]
[EventCountry "TUR"]

1. e4 e5 2. Nf3 Nc6 3. Bb5 a6 4. Ba4 Nf6 5. Qe2 b5 6. Bb3 Bc5 7. d3 O-O 8. Bg5
h6 9. Bh4 Re8 10. c3 Be7 11. Nbd2 Nh7 12. Bg3 Bf6 13. Nf1 Na5 14. Bc2 c6 15. a4
Rb8 16. b4 Nb7 17. Ne3 Ng5 18. Ng4 d6 19. Nxf6+ Qxf6 20. Nxg5 Qxg5 21. O-O Qf6
22. Qe3 h5 23. f4 exf4 24. Qxf4 Qxf4 25. Bxf4 Be6 26. axb5 axb5 27. Ra6 Rec8
28. Rb6 f6 29. Ra1 Ra8 30. Rba6 Rxa6 31. Rxa6 g5 32. Be3 Nd8 33. Bd1 h4 34. Ra7
Nf7 35. Re7 Ra8 36. Rxe6 Ra1 37. Kf2 Rxd1 38. Ke2 Rh1 39. h3 g4 40. hxg4 Rh2
41. Kf1 Rh1+ 42. Kf2 Ne5 43. Rxd6 Nxg4+ 44. Ke2 Rh2 45. Kf3 Ne5+ 46. Kf2 h3 47.
Kg3 Rxg2+ 48. Kxh3 Rc2 49. Bd4 Nxd3 50. Kg4 c5 51. bxc5 Rg2+ 52. Kf3 Ne1+ 53.
Kf4 Nd3+ 54. Ke3 Rg3+ 55. Kd2 b4 56. c4 b3 57. c6 b2 58. c7 Rg2+ 59. Kc3 b1=Q
60. c8=Q+ Kh7 61. Qh3+ 1-0

[Event "World Junior Chess Championship U18 b"]
[Site "Gaziantep"]
[Date "2008.08.05"]
[Round "4.2"]
[White "Li, Chao B"]
[Black "Sanikidze, Tornike"]
[Result "1-0"]
[WhiteElo "2590"]
[BlackElo "2486"]
[PlyCount "87"]
[EventDate "2008.08.??"]
[EventType "swiss"]
[EventRounds "13"]
[EventCountry "TUR"]

1. e4 c5 2. Nf3 d6 3. d4 cxd4 4. Nxd4 Nf6 5. Nc3 Nc6 6. Bg5 e6 7. Qd2 Qb6 8.
Nb3 Be7 9. Bxf6 Bxf6 10. Qxd6 Be5 11. Qc5 Qxc5 12. Nxc5 Ke7 13. Bb5 Nd4 14.
O-O-O a6 15. Bf1 Nc6 16. N3a4 Bc7 17. Nb3 b6 18. g3 Bb7 19. Bg2 Ne5 20. f4 Ng4
21. Rde1 h5 22. h3 Nf6 23. Re2 e5 24. Rf1 Rad8 25. fxe5 Nd7 26. Nd4 Nxe5 27.
Nf5+ Kf8 28. Nc3 g6 29. Ne3 b5 30. Ncd5 Bd6 31. c3 Kg7 32. Kc2 Rhe8 33. Rd2 Nd7
34. g4 Nc5 35. Rdf2 Bxd5 36. Nxd5 hxg4 37. Rxf7+ Kh6 38. Nf6 gxh3 39. Rh7+ Kg5
40. Rxh3 Re6 41. Nh7+ Kg4 42. Rhh1 Re7 43. Bh3+ Kg3 44. Ng5 1-0

[Event "World Junior Chess Championship U18 b"]
[Site "Gaziantep"]
[Date "2008.08.05"]
[Round "4.3"]
[White "Zhigalko, Sergei"]
[Black "Braun, Arik"]
[Result "1/2-1/2"]
[WhiteElo "2583"]
[BlackElo "2533"]
[PlyCount "58"]
[EventDate "2008.08.??"]
[EventType "swiss"]
[EventRounds "13"]
[EventCountry "TUR"]

1. e4 c6 2. d4 d5 3. e5 Bf5 4. Nf3 e6 5. Be2 c5 6. Be3 cxd4 7. Nxd4 Ne7 8. Nd2
Nbc6 9. N2f3 Be4 10. O-O Bxf3 11. Nxf3 Ng6 12. c4 dxc4 13. Bxc4 Qxd1 14. Rfxd1
a6 15. Bd3 O-O-O 16. Bxg6 Rxd1+ 17. Rxd1 fxg6 18. Ng5 Nxe5 19. Nxe6 Nc6 20. g4
Be7 21. g5 Nd8 22. Rc1+ Kd7 23. Nxd8 Rxd8 24. Rc4 Rc8 25. Rh4 h5 26. Rd4+ Ke6
27. Re4+ Kf7 28. h4 Bd6 29. Kf1 b5 1/2-1/2

[Event "World Junior Chess Championship U18 b"]
[Site "Gaziantep"]
[Date "2008.08.05"]
[Round "4.4"]
[White "Brkic, Ante"]
[Black "Nguyen, Ngoc Truong Son"]
[Result "1-0"]
[WhiteElo "2530"]
[BlackElo "2579"]
[PlyCount "91"]
[EventDate "2008.08.??"]
[EventType "swiss"]
[EventRounds "13"]
[EventCountry "TUR"]

1. e4 e6 2. d4 d5 3. Nc3 Nf6 4. e5 Nfd7 5. f4 c5 6. Nf3 Nc6 7. Be3 a6 8. Qd2 b5
9. a3 Bb7 10. Ne2 Qc7 11. Ng3 O-O-O 12. Be2 f5 13. dxc5 Nxc5 14. Nd4 h6 15.
Nxc6 Qxc6 16. Bd4 g5 17. Nh5 Ne4 18. Qe3 Bc5 19. O-O Bxd4 20. Qxd4 Rh7 21. c3
Rc7 22. Rfc1 Nc5 23. Bd1 Na4 24. Rc2 Qc5 25. Qxc5 Nxc5 26. Rd2 Bc6 27. Bc2 Be8
28. Ng3 Rg7 29. Rf1 Bf7 30. Ne2 Nd7 31. Nd4 gxf4 32. Bxf5 Re8 33. Bh3 Nxe5 34.
Rxf4 Kc7 35. Re2 Nc6 36. Nxe6+ Bxe6 37. Rxe6 Rge7 38. Rff6 Rxe6 39. Bxe6 d4 40.
Bd5 Ne5 41. cxd4 Nd3 42. h4 a5 43. Rxh6 Nxb2 44. Rc6+ Kd7 45. Rc2 Re1+ 46. Kh2
1-0

[Event "World Junior Chess Championship U18 b"]
[Site "Gaziantep"]
[Date "2008.08.05"]
[Round "4.5"]
[White "Leon Hoyos, Manuel"]
[Black "So, Wesley"]
[Result "1/2-1/2"]
[WhiteElo "2543"]
[BlackElo "2577"]
[PlyCount "78"]
[EventDate "2008.08.??"]
[EventType "swiss"]
[EventRounds "13"]
[EventCountry "TUR"]

1. e4 c5 2. Nf3 Nc6 3. d4 cxd4 4. Nxd4 g6 5. Nc3 Bg7 6. Nb3 Nf6 7. Be2 O-O 8.
O-O d6 9. Bg5 Be6 10. Kh1 Na5 11. Nd5 Bxd5 12. exd5 Rc8 13. c3 Nc4 14. Bxc4
Rxc4 15. Re1 Qd7 16. Nd2 Rc7 17. Ne4 Qf5 18. Bxf6 Bxf6 19. Qd3 Be5 20. Re3 Qg4
21. h3 Qf4 22. g3 Qh6 23. h4 f5 24. Ng5 f4 25. Rf3 Rcc8 26. Ne6 Rf5 27. g4 Rf7
28. Rh3 f3 29. h5 gxh5 30. Rxh5 Qf6 31. Qf1 Kh8 32. Qh3 Rg8 33. Rg1 Qg6 34. Ng5
Qxg5 35. Rxg5 Rxg5 36. Qh4 Rfg7 37. Qh3 Rf7 38. Qh4 Bf4 39. Qh3 Be5 1/2-1/2

[Event "World Junior Chess Championship U18 b"]
[Site "Gaziantep"]
[Date "2008.08.05"]
[Round "4.6"]
[White "Howell, David"]
[Black "Melkumyan, Hrant"]
[Result "1-0"]
[WhiteElo "2561"]
[BlackElo "2507"]
[PlyCount "149"]
[EventDate "2008.08.??"]
[EventType "swiss"]
[EventRounds "13"]
[EventCountry "TUR"]

1. e4 e5 2. Nf3 Nc6 3. Bc4 Nf6 4. d3 Be7 5. O-O O-O 6. Re1 d6 7. a4 Na5 8. Ba2
c5 9. c3 Nc6 10. h3 h6 11. d4 cxd4 12. cxd4 exd4 13. Nxd4 Nb4 14. Bb3 d5 15.
exd5 Nfxd5 16. Nc3 Nc7 17. Bf4 Bf6 18. Be5 Bxe5 19. Rxe5 Qf6 20. Re4 Nca6 21.
Ndb5 Bf5 22. Rf4 Rad8 23. Qh5 Bg6 24. Qg4 Qe5 25. Rxb4 Nxb4 26. Qxb4 a6 27. Na3
Kh7 28. Nc4 Qf4 29. Qb6 Rfe8 30. Ne3 Rd2 31. Ned5 Qh4 32. Rf1 Rxb2 33. Nd1 Rb1
34. N5c3 Rc1 35. Qxb7 Qf6 36. Bc4 a5 37. Qb2 Rc2 38. Qb3 Rc8 39. Nd5 Qd4 40.
Bb5 Rd2 41. N1e3 Rc5 42. Ne7 Rb2 43. Qd1 Qxd1 44. Rxd1 Be4 45. Rd4 Rb4 46. Rd1
Rb2 47. N7d5 h5 48. Rd4 Rc1+ 49. Kh2 f5 50. Kg3 Kh6 51. h4 g5 52. hxg5+ Kxg5
53. f4+ Kg6 54. Ne7+ Kf6 55. N7xf5 Rb4 56. Rd6+ Kf7 57. Rd7+ Kf6 58. Rd6+ Kf7
59. Kh2 Bxf5 60. Nxf5 Rxf4 61. Ne3 Re4 62. Rd3 Kf6 63. Kg3 Rc5 64. Kf3 Ke5 65.
g3 Rb4 66. Ng2 Kf5 67. Nf4 h4 68. Bd7+ Kf6 69. Nd5+ Rxd5 70. Rxd5 Rb3+ 71. Kg4
hxg3 72. Kh3 Ke7 73. Bb5 Kf6 74. Rd3 Rb4 75. Re3 1-0

[Event "World Junior Chess Championship U18 b"]
[Site "Gaziantep"]
[Date "2008.08.05"]
[Round "4.7"]
[White "Hou, Yifan"]
[Black "Arun, Prasad Subramanian"]
[Result "1-0"]
[WhiteElo "2557"]
[BlackElo "2492"]
[PlyCount "49"]
[EventDate "2008.08.??"]
[EventType "swiss"]
[EventRounds "13"]
[EventCountry "TUR"]

1. e4 c5 2. Nf3 d6 3. d4 cxd4 4. Qxd4 Nc6 5. Bb5 Bd7 6. Bxc6 Bxc6 7. Nc3 h6 8.
Be3 e5 9. Qc4 Nf6 10. O-O-O Qc8 11. Qd3 a6 12. Nh4 b5 13. f4 b4 14. fxe5 dxe5
15. Nd5 Bb5 16. Qd2 Qc6 17. Nf3 Nd7 18. Nxb4 Qc4 19. Nd5 Qxa2 20. Nc7+ Kd8 21.
Qc3 Qa1+ 22. Kd2 Qa4 23. Nd5 Rc8 24. Bb6+ Nxb6 25. Nxb6 1-0

[Event "World Junior Chess Championship U18 b"]
[Site "Gaziantep"]
[Date "2008.08.05"]
[Round "4.8"]
[White "Lin, Chen"]
[Black "Gupta, Abhijeet"]
[Result "1-0"]
[WhiteElo "2417"]
[BlackElo "2551"]
[PlyCount "109"]
[EventDate "2008.08.??"]
[EventType "swiss"]
[EventRounds "13"]
[EventCountry "TUR"]

1. e4 e5 2. Nf3 Nc6 3. Bb5 a6 4. Ba4 Nf6 5. d3 Bc5 6. c3 b5 7. Bc2 d5 8. O-O
dxe4 9. dxe4 Qxd1 10. Rxd1 Be6 11. h3 h6 12. b4 Ba7 13. a4 Ke7 14. Na3 g5 15.
axb5 axb5 16. Bd2 Rab8 17. Be1 Rb7 18. Kf1 Rhb8 19. Nd2 Ne8 20. Bb3 Nd8 21.
Nxb5 Bxf2 22. Bxf2 Rxb5 23. Ba7 Rc8 24. Bc2 Nd6 25. Bd3 Rb7 26. Bc5 Rbb8 27.
Ra7 Ra8 28. Rda1 Rxa7 29. Rxa7 Kd7 30. Ke2 Nc6 31. Ra6 Ne7 32. Ra7 Ng6 33. Ke3
Nf4 34. Bf1 Rb8 35. g3 Nc8 36. gxf4 Nxa7 37. f5 Bxf5 38. exf5 Nb5 39. Bc4 Nxc3
40. Bxf7 Na4 41. Be6+ Ke8 42. Ke4 Nxc5+ 43. bxc5 Rb2 44. Nf3 Ke7 45. Nxe5 Re2+
46. Kd5 h5 47. Ng6+ Kf6 48. Nf8 Rd2+ 49. Ke4 g4 50. hxg4 hxg4 51. Nd7+ Kg5 52.
f6 Re2+ 53. Kd3 Rf2 54. f7 g3 55. Ke3 1-0

[Event "World Junior Chess Championship U18 b"]
[Site "Gaziantep"]
[Date "2008.08.05"]
[Round "4.9"]
[White "Narmontas, Matas"]
[Black "Popov, Ivan"]
[Result "1/2-1/2"]
[WhiteElo "2369"]
[BlackElo "2549"]
[PlyCount "56"]
[EventDate "2008.08.??"]
[EventType "swiss"]
[EventRounds "13"]
[EventCountry "TUR"]

1. e4 c6 2. d4 d5 3. e5 Bf5 4. Be3 e6 5. Nd2 Nd7 6. Ngf3 Ne7 7. Be2 Bg4 8. h3
Bxf3 9. Nxf3 Nf5 10. O-O h5 11. Bd3 g6 12. c3 Be7 13. Qd2 c5 14. Bxf5 gxf5 15.
c4 cxd4 16. Qxd4 Nb6 17. c5 Nc4 18. b4 b6 19. Nd2 bxc5 20. bxc5 Nxd2 21. Bxd2
Qd7 22. c6 Qxc6 23. Rfc1 Qa6 24. Qc3 Rb8 25. Qc7 Qb7 26. Qc2 Qa6 27. Qc7 Qb7
28. Qc2 Qa6 1/2-1/2

[Event "World Junior Chess Championship U18 b"]
[Site "Gaziantep"]
[Date "2008.08.05"]
[Round "4.10"]
[White "Stupak, Kirill"]
[Black "Mamedov, Rauf"]
[Result "1-0"]
[WhiteElo "2458"]
[BlackElo "2627"]
[PlyCount "137"]
[EventDate "2008.08.??"]
[EventType "swiss"]
[EventRounds "13"]
[EventCountry "TUR"]

1. d4 Nf6 2. g3 g6 3. Bg2 Bg7 4. e4 d6 5. Nc3 O-O 6. Nge2 e5 7. O-O Nc6 8. dxe5
Nxe5 9. h3 Re8 10. b3 a6 11. Be3 Bd7 12. a4 Rb8 13. a5 Qc8 14. Kh2 h5 15. f3 h4
16. Qd2 hxg3+ 17. Nxg3 Bc6 18. Rae1 Nh7 19. f4 Nd7 20. Nd5 Bxd5 21. Qxd5 Qd8
22. Qd2 Qe7 23. c4 Rbd8 24. b4 Qh4 25. Bf3 Nhf8 26. Qc1 Ne6 27. Rg1 Bh6 28. Ne2
Ng7 29. Nc3 c6 30. Rg4 Qf6 31. Ne2 d5 32. e5 Nxe5 33. fxe5 Qxe5+ 34. Bf4 Bxf4+
35. Qxf4 Qxf4+ 36. Rxf4 Ne6 37. Rg4 dxc4 38. Nd4 Nc7 39. Rxe8+ Nxe8 40. Ne2 Rd3
41. Kg2 Rb3 42. Rxc4 Nd6 43. Rd4 Nf5 44. Rf4 Ne3+ 45. Kf2 Nc2 46. Nc1 Rc3 47.
Be2 Rxh3 48. Bc4 g5 49. Rxf7 Rc3 50. Be6 Re3 51. Ba2 Kh8 52. Rxb7 g4 53. Ne2
Rf3+ 54. Kg1 Ne3 55. Rf7 Rxf7 56. Bxf7 Nc2 57. Bc4 Nxb4 58. Nd4 c5 59. Nb3 Kg7
60. Nxc5 Nc6 61. Nb3 Nb4 62. Kf2 Kf6 63. Kg3 Kf5 64. Be2 Ke4 65. Kxg4 Nd3 66.
Kg5 Ke3 67. Bf1 Nb4 68. Kf6 Kf2 69. Bc4 1-0

[Event "World Junior Chess Championship U18 b"]
[Site "Gaziantep"]
[Date "2008.08.05"]
[Round "4.12"]
[White "Tomczak, Jacek"]
[Black "Andreikin, Dmitry"]
[Result "1/2-1/2"]
[WhiteElo "2451"]
[BlackElo "2604"]
[PlyCount "20"]
[EventDate "2008.08.??"]
[EventType "swiss"]
[EventRounds "13"]
[EventCountry "TUR"]

1. e4 e6 2. d4 d5 3. Nc3 Nc6 4. Be3 Bb4 5. e5 f6 6. Bd3 fxe5 7. Qh5+ Kf8 8.
dxe5 d4 9. Qf3+ Ke8 10. Qh5+ Kf8 1/2-1/2

[Event "World Junior Chess Championship U18 b"]
[Site "Gaziantep"]
[Date "2008.08.05"]
[Round "4.13"]
[White "Laznicka, Viktor"]
[Black "Nechepurenko, Roman"]
[Result "1-0"]
[WhiteElo "2601"]
[BlackElo "2476"]
[PlyCount "43"]
[EventDate "2008.08.??"]
[EventType "swiss"]
[EventRounds "13"]
[EventCountry "TUR"]

1. Nf3 Nf6 2. c4 g6 3. Nc3 d5 4. cxd5 Nxd5 5. Qa4+ Nc6 6. Ne5 Ndb4 7. a3 Bg7 8.
axb4 Bxe5 9. b5 Nb8 10. g3 c6 11. Bg2 O-O 12. O-O Bd7 13. Qb4 Bd6 14. Qh4 Qb6
15. d3 cxb5 16. Be3 Qc7 17. Nd5 Qd8 18. Nb6 Nc6 19. Nxa8 Qxa8 20. Bxa7 Nxa7 21.
Qd4 Nc6 22. Bxc6 1-0

[Event "World Junior Chess Championship U18 b"]
[Site "Gaziantep"]
[Date "2008.08.05"]
[Round "4.14"]
[White "Ashwin, Jayaram"]
[Black "Baramidze, David"]
[Result "1/2-1/2"]
[WhiteElo "2436"]
[BlackElo "2593"]
[PlyCount "87"]
[EventDate "2008.08.??"]
[EventType "swiss"]
[EventRounds "13"]
[EventCountry "TUR"]

1. e4 c5 2. Nf3 d6 3. d4 cxd4 4. Nxd4 Nf6 5. Nc3 a6 6. Be3 e5 7. Nb3 Be7 8. Qd2
O-O 9. O-O-O Ng4 10. g3 Nxe3 11. Qxe3 b5 12. Kb1 Bb7 13. f4 Nd7 14. Bh3 b4 15.
Na4 Bc6 16. Bxd7 Qxd7 17. Nb6 Qa7 18. Rhe1 exf4 19. gxf4 Rae8 20. Na5 Bb5 21.
Nd5 Qd7 22. f5 Bd8 23. Rg1 f6 24. Nb3 Bc6 25. Rg4 a5 26. Qg3 Rf7 27. Nd4 Bxd5
28. exd5 Re5 29. Qf3 Bb6 30. Ne6 Bc5 31. Rh4 Qb5 32. b3 a4 33. Rc4 Ra7 34. Qh5
h6 35. h3 Re3 36. Nd4 Qa6 37. Ne6 Qb5 38. Nd4 Qa6 39. Ne6 Qc8 40. Rg4 axb3 41.
cxb3 Qa8 42. Rxg7+ Rxg7 43. Nxg7 Qa3 44. Ne6 1/2-1/2

[Event "World Junior Chess Championship U18 b"]
[Site "Gaziantep"]
[Date "2008.08.05"]
[Round "4.15"]
[White "Toufighi, Tamijani Homayoon"]
[Black "Lenic, Luka"]
[Result "1/2-1/2"]
[WhiteElo "2425"]
[BlackElo "2584"]
[PlyCount "57"]
[EventDate "2008.08.??"]
[EventType "swiss"]
[EventRounds "13"]
[EventCountry "TUR"]

1. e4 c5 2. Nf3 e6 3. c3 d5 4. exd5 Qxd5 5. d4 Nf6 6. Be3 cxd4 7. cxd4 Bd7 8.
Nc3 Qa5 9. Be2 Bc6 10. O-O Nbd7 11. a3 Bd6 12. b4 Qd8 13. Bg5 Qb8 14. Nb5 Bf4
15. Bxf4 Qxf4 16. Qc1 Qxc1 17. Raxc1 Ke7 18. Ne5 Bxb5 19. Bxb5 Rac8 20. Bxd7
Nxd7 21. Nc4 Rc7 22. d5 exd5 23. Rfe1+ Kd8 24. Nd6 Nf6 25. Nb5 Rc4 26. Nd6 Rc7
27. Nb5 Rc4 28. Nd6 Rc7 29. Nb5 1/2-1/2

[Event "World Junior Chess Championship U18 b"]
[Site "Gaziantep"]
[Date "2008.08.05"]
[Round "4.16"]
[White "Le Quang, Liem"]
[Black "Can, Emre"]
[Result "1-0"]
[WhiteElo "2577"]
[BlackElo "2460"]
[PlyCount "99"]
[EventDate "2008.08.??"]
[EventType "swiss"]
[EventRounds "13"]
[EventCountry "TUR"]

1. d4 Nf6 2. c4 e6 3. Nf3 d5 4. g3 dxc4 5. Bg2 Nc6 6. Qa4 Bb4+ 7. Bd2 Nd5 8.
Bxb4 Ndxb4 9. O-O a6 10. Nc3 Rb8 11. Ne5 O-O 12. Nxc6 Nxc6 13. Bxc6 bxc6 14.
Qxc4 Qd6 15. e3 Rxb2 16. Rfb1 Rb6 17. Ne4 Qd5 18. Qxd5 cxd5 19. Nc5 f6 20. Rb3
Kf7 21. Rab1 Rxb3 22. Rxb3 Ke7 23. Rb8 e5 24. f3 exd4 25. exd4 a5 26. Ra8 Bf5
27. Ra7 Kd6 28. Rxa5 Rb8 29. g4 Bb1 30. Ra6+ Ke7 31. Re6+ Kd8 32. a4 Rb4 33. a5
Bg6 34. a6 Kc8 35. h4 Kb8 36. h5 Bc2 37. Re8+ Ka7 38. Rc8 Rxd4 39. Rxc7+ Kb6
40. Rc8 Ka7 41. Rc7+ Kb6 42. Ne6 Rd1+ 43. Kf2 Bd3 44. Rb7+ Kxa6 45. Nc5+ Ka5
46. Nxd3 Rxd3 47. Rxg7 Kb4 48. Rxh7 d4 49. Rf7 Rd2+ 50. Kg3 1-0

[Event "World Junior Chess Championship U18 b"]
[Site "Gaziantep"]
[Date "2008.08.05"]
[Round "4.17"]
[White "Geetha, Narayanan Gopal"]
[Black "Pruijssers, Roeland"]
[Result "1/2-1/2"]
[WhiteElo "2572"]
[BlackElo "2452"]
[PlyCount "49"]
[EventDate "2008.08.??"]
[EventType "swiss"]
[EventRounds "13"]
[EventCountry "TUR"]

1. e4 e5 2. Nf3 Nc6 3. Bb5 a6 4. Ba4 Nf6 5. O-O b5 6. Bb3 Bb7 7. d3 Bc5 8. Be3
Bxe3 9. fxe3 O-O 10. Nbd2 d6 11. c3 Na5 12. Bc2 c5 13. Qe1 Bc8 14. h3 Rb8 15.
Qg3 Nc6 16. Rad1 Be6 17. d4 cxd4 18. exd4 Qb6 19. Nb3 Bc4 20. Rf2 Nh5 21. Qg4
Nf4 22. Nh4 g6 23. Kh2 Kh8 24. Qf3 f5 25. exf5 1/2-1/2

[Event "World Junior Chess Championship U18 b"]
[Site "Gaziantep"]
[Date "2008.08.05"]
[Round "4.18"]
[White "Rombaldoni, Denis"]
[Black "Iturrizaga, Bonelli Eduardo Pat"]
[Result "1-0"]
[WhiteElo "2418"]
[BlackElo "2561"]
[PlyCount "51"]
[EventDate "2008.08.??"]
[EventType "swiss"]
[EventRounds "13"]
[EventCountry "TUR"]

1. d4 Nf6 2. Nf3 e6 3. e3 b6 4. Bd3 Bb7 5. O-O c5 6. c4 g6 7. Nc3 Bg7 8. d5
exd5 9. cxd5 O-O 10. e4 d6 11. Bg5 h6 12. Bh4 Re8 13. Nd2 Na6 14. f4 Nc7 15. a4
Qd7 16. Nc4 Ba6 17. Nxd6 Qxd6 18. e5 Qd8 19. Bxa6 Nxa6 20. Ne4 Nb4 21. Nxf6+
Bxf6 22. Bxf6 Qxd5 23. Ra3 Qd4+ 24. Kh1 Qe4 25. Rh3 Nd5 26. Qxd5 1-0

[Event "World Junior Chess Championship U18 b"]
[Site "Gaziantep"]
[Date "2008.08.05"]
[Round "4.19"]
[White "Benidze, Davit"]
[Black "Kravtsiv, Martyn"]
[Result "1/2-1/2"]
[WhiteElo "2389"]
[BlackElo "2555"]
[PlyCount "82"]
[EventDate "2008.08.??"]
[EventType "swiss"]
[EventRounds "13"]
[EventCountry "TUR"]

1. d4 Nf6 2. c4 e6 3. Nf3 d5 4. g3 Be7 5. Bg2 O-O 6. O-O dxc4 7. Ne5 Nc6 8.
Bxc6 bxc6 9. Nxc6 Qe8 10. Nxe7+ Qxe7 11. Qa4 c5 12. Qxc4 cxd4 13. Qxd4 e5 14.
Qh4 h6 15. Nc3 Bb7 16. e4 Rfd8 17. Re1 Qe6 18. f3 Rd3 19. Be3 h5 20. Kg2 Bc6
21. Rad1 Rad8 22. Qh3 Qc4 23. Rxd3 Qxd3 24. Kg1 a6 25. Qf1 Qxf1+ 26. Kxf1 Ne8
27. Ke2 f6 28. Rd1 Rxd1 29. Nxd1 Kf7 30. Nc3 Ke6 31. Bc5 Nc7 32. a4 f5 33. Kd3
g5 34. b4 g4 35. exf5+ Kxf5 36. fxg4+ hxg4 37. Kc4 Bg2 38. Be3 Ke6 39. Kc5 Nd5
40. Nxd5 Bxd5 41. Kb6 Bc4 1/2-1/2

[Event "World Junior Chess Championship U18 b"]
[Site "Gaziantep"]
[Date "2008.08.05"]
[Round "4.20"]
[White "Khamrakulov, Dzhurabek"]
[Black "Kalashian, David"]
[Result "1/2-1/2"]
[WhiteElo "2554"]
[BlackElo "2432"]
[PlyCount "33"]
[EventDate "2008.08.??"]
[EventType "swiss"]
[EventRounds "13"]
[EventCountry "TUR"]

1. e4 c5 2. c3 Nf6 3. e5 Nd5 4. Nf3 Nc6 5. Bc4 Nb6 6. Bb3 d5 7. d4 cxd4 8. cxd4
Bg4 9. Be3 e6 10. Nc3 Be7 11. Rc1 Rc8 12. h3 Bh5 13. Qe2 Bg6 14. g4 Nb4 15. Rd1
Nc4 16. a3 Na6 17. Bxc4 1/2-1/2

[Event "World Junior Chess Championship U18 b"]
[Site "Gaziantep"]
[Date "2008.08.05"]
[Round "4.21"]
[White "Ramirez, Alejandro"]
[Black "Ronchetti, Niccolo"]
[Result "1-0"]
[WhiteElo "2531"]
[BlackElo "2434"]
[PlyCount "53"]
[EventDate "2008.08.??"]
[EventType "swiss"]
[EventRounds "13"]
[EventCountry "TUR"]

1. c4 c5 2. Nf3 Nf6 3. g3 b6 4. Bg2 Bb7 5. Nc3 e6 6. O-O Be7 7. d4 cxd4 8. Qxd4
Nc6 9. Qf4 a6 10. Rd1 O-O 11. b3 b5 12. cxb5 axb5 13. Nxb5 Ba6 14. Nfd4 Nd5 15.
Bxd5 exd5 16. Bb2 Bg5 17. Qf3 Ne5 18. Qxd5 Bf6 19. Ba3 Re8 20. Nd6 Re6 21. Rac1
Nc6 22. Nxe6 fxe6 23. Qe4 h6 24. b4 Bxe2 25. Qxe2 Rxa3 26. Rxc6 dxc6 27. Nc4
1-0

[Event "World Junior Chess Championship U18 b"]
[Site "Gaziantep"]
[Date "2008.08.05"]
[Round "4.22"]
[White "Negi, Parimerjan"]
[Black "Potapov, Pavel"]
[Result "1/2-1/2"]
[WhiteElo "2529"]
[BlackElo "2418"]
[PlyCount "158"]
[EventDate "2008.08.??"]
[EventType "swiss"]
[EventRounds "13"]
[EventCountry "TUR"]

1. e4 e5 2. Nf3 Nc6 3. Bb5 Nd4 4. Nxd4 exd4 5. O-O Bc5 6. d3 c6 7. Bc4 d5 8.
exd5 cxd5 9. Bb3 Ne7 10. Bg5 O-O 11. Nd2 a5 12. a4 Be6 13. Re1 Ra6 14. Nf1 Qd7
15. Ng3 Ng6 16. h3 f6 17. Bd2 Bf7 18. Qg4 Be6 19. Qh5 Bf7 20. Qf5 Rd8 21. Qxd7
Rxd7 22. Re2 Kf8 23. Rae1 Ne5 24. f4 Nc6 25. Nf5 Ra8 26. g4 Re8 27. Rxe8+ Bxe8
28. Kf2 b6 29. h4 Bf7 30. Ng3 Re7 31. Rg1 g6 32. f5 Ne5 33. Ne2 gxf5 34. gxf5
Nf3 35. Bh6+ Ke8 36. Rg4 Ne5 37. Rg7 Bh5 38. Rg8+ Kd7 39. Nf4 Ng4+ 40. Rxg4
Bxg4 41. Nxd5 Bxf5 42. Nxe7 Kxe7 43. Kf3 Bd6 44. h5 Be5 45. Bd5 Bd6 46. Be4 Ke6
47. Bd2 Be5 48. Be1 Bd6 49. Bh4 Bc7 50. Bf2 Be5 51. Bg1 Bxe4+ 52. dxe4 f5 53.
Bf2 Bf6 54. Kf4 Be5+ 55. Kf3 Bf6 56. b3 Be5 57. Bh4 Bf6 58. Bg3 Be5 59. Be1 Bf6
60. Bd2 Bg7 61. Bf4 Be5 62. Bh6 Bf6 63. Bf8 Ke5 64. exf5 Kxf5 65. h6 Be5 66.
Be7 Bf6 67. Bf8 Be5 68. Ke2 Ke4 69. Be7 Bc7 70. Bf6 Bd6 71. Bd8 Bc5 72. Bc7 Kf5
73. Kd3 Kg5 74. b4 axb4 75. Kc4 Kf5 76. a5 bxa5 77. Bxa5 Bf8 78. Bxb4 Bxh6 79.
Kxd4 Ke6 1/2-1/2